000 01371cam a2200385 i 4500
001 19074313
003 OSt
005 20251201120554.0
006 m |o d |
007 cr_|||||||||||
008 160502s2016 ilu ob 000 0 eng
010 _a 2016017716
020 _a9780830893416
_qeBook
020 _z9780830841318 (pbk. : alk. paper)
035 _a19074313
040 _aDLC
_beng
_erda
_cDLC
_dDLC
042 _apcc
050 0 0 _aBV4520
082 0 0 _a253
_223
100 1 _aOgden, Greg,
_eauthor.
245 1 0 _aTransforming discipleship :
_bmaking disciples a few at a time /
_cGreg Ogden.
250 _aRevised and Expanded Edition.
264 1 _aDowners Grove :
_bInterVarsity Press,
_c2016.
300 _a1 online resource.
336 _atext
_btxt
_2rdacontent
337 _acomputer
_bc
_2rdamedia
338 _aonline resource
_bcr
_2rdacarrier
504 _aIncludes bibliographical references.
588 _aDescription based on print version record and CIP data provided by publisher.
650 0 _aDiscipling (Christianity)
776 0 8 _iPrint version:
_aOgden, Greg, author.
_tTransforming discipleship
_bRevised and Expanded Edition.
_dDowners Grove : InterVarsity Press, 2016
_z9780830841318
_w(DLC) 2016011845
906 _a7
_bcbc
_corigcop
_d1
_eecip
_f20
_gy-gencatlg
942 _2lcc
_cBK
999 _c20825
_d20824